Property development (Record no. 108564)
[ view plain ]
| 000 -LEADER | |
|---|---|
| fixed length control field | 01785cam a22003135a 4500 |
| 001 - CONTROL NUMBER | |
| control field | L144628 |
| 008 - FIXED-LENGTH DATA ELEMENTS--GENERAL INFORMATION | |
| fixed length control field | 080731s2008 xxkad f 001 0 eng d |
| 020 ## - INTERNATIONAL STANDARD BOOK NUMBER | |
| International Standard Book Number | 9780203933428 |
| 035 ## - SYSTEM CONTROL NUMBER | |
| System control number | (Sirsi) u144628 |
| 041 0# - LANGUAGE CODE | |
| Language code of text/sound track or separate title | eng |
| 050 04 - LIBRARY OF CONGRESS CALL NUMBER | |
| Classification number | 333.33 $2 18 |
| 100 1# - MAIN ENTRY--PERSONAL NAME | |
| Personal name | Wilkinson, Sarah |
| 245 00 - TITLE STATEMENT | |
| Title | Property development |
| Medium | [electronic resource] |
| 250 ## - EDITION STATEMENT | |
| Edition statement | 5th ed. |
| 260 ## - PUBLICATION, DISTRIBUTION, ETC. | |
| Place of publication, distribution, etc. | London |
| Name of publisher, distributor, etc. | Routledge |
| Date of publication, distribution, etc. | 2008 |
| 300 ## - PHYSICAL DESCRIPTION | |
| Extent | eBook |
| 505 2# - FORMATTED CONTENTS NOTE | |
| Formatted contents note | Introduction -- Land for development -- Development appraisal and risk -- Development finance -- Planning -- Construction -- Market research -- Promotion and selling -- Sustainable development -- International practice -- Appendix 1: example mission statement on CSR |
| 520 ## - SUMMARY, ETC. | |
| Summary, etc. | An eBook on the commercial property development process in the UK. Provides a clear and practical overview and critically analyses the key issues faced by property professionals. Focuses on land acquisition, development appraisal, finance, planning, construction, market research and promotion. This edition also includes material on the environmental impacts of property development, with a chapter on sustainable property development, and on the growth of international working in the property sector. Uses case studies and discussion points to illustrate points made. Each chapter starts with an introduction and ends with a reflective summary. |
| 520 ## - SUMMARY, ETC. | |
| Summary, etc. | Supersedes 4th ed. (ISBN 0419202404). |
| 521 20 - TARGET AUDIENCE NOTE | |
| Target audience note | Advanced |
| 590 ## - LOCAL NOTE (RLIN) | |
| Local note | KA |
| 650 24 - SUBJECT ADDED ENTRY--TOPICAL TERM | |
| Topical term or geographic name entry element | EBOOK |
| 651 #4 - SUBJECT ADDED ENTRY--GEOGRAPHIC NAME | |
| Geographic name | United Kingdom |
| Chronological subdivision | |
| 690 ## - LOCAL SUBJECT ADDED ENTRY--TOPICAL TERM (OCLC, RLIN) | |
| Topical term or geographic name as entry element | PROPERTY-COMMERCIAL PROPERTY-COMMERCIAL PROPERTY DEVELOPMENT |
| 700 1# - ADDED ENTRY--PERSONAL NAME | |
| Personal name | Cadman, David |
| 700 1# - ADDED ENTRY--PERSONAL NAME | |
| Personal name | Reed, Richard |
| 856 48 - ELECTRONIC LOCATION AND ACCESS | |
| Uniform Resource Identifier | <a href="https://www.vlebooks.com/">https://www.vlebooks.com/</a> |
| Public note | View on VLEbooks. Logins for members only from [email protected] |
| 942 ## - ADDED ENTRY ELEMENTS (KOHA) | |
| Suppress in OPAC | 0 |
| Withdrawn status | Lost status | Damaged status | Not for loan | Home library | Current library | Shelving location | Date acquired | Total Checkouts | Full call number | Barcode | Date last seen | Date last checked out | Copy number | Price effective from | Koha item type | Source of classification or shelving scheme | Cost, normal purchase price | Cost, replacement price |
|---|---|---|---|---|---|---|---|---|---|---|---|---|---|---|---|---|---|---|
| Missing from bundle | London | London | Missing | 31/07/2008 | 9 | 333.33 WIL | 30074912 | 06/08/2019 | 20/01/2010 | 1 | 06/08/2019 | Book | ||||||
| Missing from bundle | London | London | Books | 21/01/2009 | 12 | 333.33 WIL | 30074910 | 06/08/2019 | 26/01/2010 | 2 | 06/08/2019 | Book | ||||||
| Missing from bundle | London | London | Missing | 21/01/2009 | 4 | 333.33 WIL | 30074911 | 06/08/2019 | 19/05/2009 | 3 | 06/08/2019 | Book | ||||||
| Virtual | Virtual | Online | 04/02/2010 | EBOOK | 144628-4001 | 06/08/2019 | 1 | 06/08/2019 | Book | Dewey Decimal Classification | 115.92 | 115.92 |